000 00565nam a2200193Ia 4500
005 20250508160856.0
008 008 250505s9999 xx 000 0 hin d
037 _aReference
040 _aFEDL
_beng
_cFEDL
041 _ahin
_2hin
084 _a371.92, MIS
_qFEDL
100 _aMishra Madan Mohan
_9769639
245 0 _aPichhde balak ki shiksha
260 _aBhopal, India
_bMadhya Pardesh Hindi Granth Academy
_c1973
300 _a107p
700 _a Chaudhary Umarav Singh
_9769640
942 _cREF
_h371.92, MIS
999 _c1367129
_d1367129